00378cam a2200169ua 4500020000900000041001000009082001900019100001800038245005200056250001200108260003600120300001200156365000900168504000500177942000700182999001900189 c3.00 ahinh a891.54bBAC/BU aBachan, . aBudh our nachgar / cBachan.hTextual Documents a1 / b. a : bRajpal and Sanch , c1958. a176 ; . a3.00 a cBK c339977d339977